000 00587cam a2200217 a 4500
001 4297409
005 20180224030725.0
008 860807s1987 nyu b 001 0 eng
010 _a 86021653
020 _a0195049470 (alk. paper)
040 _aDLC
_cDLC
_dDLC
041 _aeng
080 _a305.43
082 0 0 _a305.43 JOE
_219
100 1 _a50
101 _aSOC
245 1 0 _aWomen in the world economy :
_cprepared by Susan P. Joekes.
504 _aBibliography: p. 150-155.
906 _a7
_bcbc
_corignew
_d1
_eocip
_f19
_gy-gencatlg
942 _2ddc
_cBK
999 _c43350
_d43350